000 00348nam a2200097Ia 4500
008 220120s9999||||xx |||||||||||||| ||und||
100 _aAjay, Ajith, Rishanth Ranjith and Shafeer
_912662
245 2 _aA study on the heat transfer enhancement of fin with grooves
260 _aCoorg Institute of Technology
_bPonnampet
_c2017
650 _aCOMPUTER SCIENCE
999 _c138261
_d138261